The ICU book. / (Record no. 7929)
[ view plain ]
| 000 -LEADER | |
|---|---|
| fixed length control field | 03637cam a22004454a 4500 |
| 001 - CONTROL NUMBER | |
| control field | 14487835 |
| 003 - CONTROL NUMBER IDENTIFIER | |
| control field | OSt |
| 005 - DATE AND TIME OF LATEST TRANSACTION | |
| control field | 20211105123647.0 |
| 008 - FIXED-LENGTH DATA ELEMENTS--GENERAL INFORMATION | |
| fixed length control field | 060808s2007 paua b 001 0 eng |
| 010 ## - LIBRARY OF CONGRESS CONTROL NUMBER | |
| LC control number | 2006025971 |
| 015 ## - NATIONAL BIBLIOGRAPHY NUMBER | |
| National bibliography number | GBA642967 |
| Source | bnb |
| 016 7# - NATIONAL BIBLIOGRAPHIC AGENCY CONTROL NUMBER | |
| Record control number | 101284407 |
| Source | DNLM |
| 016 7# - NATIONAL BIBLIOGRAPHIC AGENCY CONTROL NUMBER | |
| Record control number | 013455326 |
| Source | Uk |
| 020 ## - INTERNATIONAL STANDARD BOOK NUMBER | |
| International Standard Book Number | 9780781748025 |
| 020 ## - INTERNATIONAL STANDARD BOOK NUMBER | |
| International Standard Book Number | 078174802X |
| 035 ## - SYSTEM CONTROL NUMBER | |
| System control number | (OCoLC)ocm70874195 |
| 040 ## - CATALOGING SOURCE | |
| Original cataloging agency | DNLM/DLC |
| Transcribing agency | DLC |
| Modifying agency | NLM |
| -- | BAKER |
| -- | C#P |
| -- | YDXCP |
| -- | UKM |
| -- | DLC |
| 042 ## - AUTHENTICATION CODE | |
| Authentication code | pcc |
| 050 00 - LIBRARY OF CONGRESS CALL NUMBER | |
| Classification number | RC86.7.M36 |
| 060 00 - NATIONAL LIBRARY OF MEDICINE CALL NUMBER | |
| Classification number | 2006 M-146 |
| 060 10 - NATIONAL LIBRARY OF MEDICINE CALL NUMBER | |
| Classification number | WX 218 |
| Item number | M3395i 2007 |
| 082 00 - DEWEY DECIMAL CLASSIFICATION NUMBER | |
| Classification number | 616/.028 |
| Edition number | 22 |
| 100 1# - MAIN ENTRY--PERSONAL NAME | |
| Personal name | Marino, Paul L. |
| 245 14 - TITLE STATEMENT | |
| Title | The ICU book. / |
| Statement of responsibility, etc. | Paul L. Marino ; with contributions from Kenneth M. Sutin ; illustrations by Patricia Gast. |
| 250 ## - EDITION STATEMENT | |
| Edition statement | 3rd ed. |
| 260 ## - PUBLICATION, DISTRIBUTION, ETC. | |
| Place of publication, distribution, etc. | Philadelphia: |
| Name of publisher, distributor, etc. | Lippincott Williams & Wilkins, |
| Date of publication, distribution, etc. | 2007. |
| 300 ## - PHYSICAL DESCRIPTION | |
| Extent | xvii, 1065 p. : |
| Other physical details | ill. ; |
| Dimensions | 23 cm. |
| 504 ## - BIBLIOGRAPHY, ETC. NOTE | |
| Bibliography, etc. note | Includes bibliographical references and index. |
| 505 ## - FORMATTED CONTENTS NOTE | |
| Formatted contents note | Contents: 1. Basic science review: Circulatory blood flow -- Oxygen and carbon dioxide transport -- 2. Infection control in the ICU -- Alimentary prophylaxis -- Venous thromboembolism -- 3. Vascular access: Establishing venous access -- The indwelling vascular catheter -- 4. Hemodynamic monitoring: Arterial blood pressure -- The pulmonary artery catheter -- Central venous pressure and wedge pressure -- Tissue oxygenation -- 5. Disorders of circulatory flow: Hemorrhage and hypovolemia -- Colloid and crystalloid resuscitation -- Acute heart failure syndromes -- Cardiac arrest -- Hemodynamic drug infusions -- 6. Critical care cardiology: Early management of acute coronary syndromes -- Tachyarrhythmias -- 7. Acute respiratory failure: Hypoxemia and hypercapnia -- Oximetry and capnography -- Oxygen inhalation therapy -- Acute respiratory distress syndrome -- Severe airflow obstruction -- 8. Mechanical ventilation: Principles of mechanical ventilation -- Modes of assisted ventilation -- The ventilator-dependent patient -- Discontinuing mechanical ventilation -- 9. Acid-base disorders: Acid-base interpretations -- Organic acidoses --Metabolic alkalosis -- 10. Renal and electrolyte disorders: Oliguria and acute renal failure -- Hypertonic and hypotonic conditions -- Potassium -- Magnesium -- Calcium and Phosphorus -- 11. Transfusion practices in critical care: Anemia and red blood cell transfusions in the ICU -- Platelets in critical illness -- 12. Disorders of body temperature: Hyperthermia and Hypothermia syndromes -- Fever in the ICU -- 13. Inflammation and infection in the ICU: Infection, inflammation, and multiorgan injury -- Pneumonia in the ICU -- Sepsis from the abdomen and pelvis -- The immunocompromised patient -- Antimicrobial therapy -- 14. Nutrition and metabolism: Metabolic substrate requirements -- Enteral tube feeding -- Parenteral nutrition -- Adrenal and thyroid dysfunction -- 15. Critical care neurology: Analgesia and sedation -- Disorders of mentation -- Disorders of movement -- Stroke and related disorders -- 16. Toxic ingestions: Pharmaceutical toxins & antidotes -- |
| 650 #0 - SUBJECT ADDED ENTRY--TOPICAL TERM | |
| Topical term or geographic name entry element | Critical care medicine. |
| 650 #0 - SUBJECT ADDED ENTRY--TOPICAL TERM | |
| Topical term or geographic name entry element | Intensive care units. |
| 650 12 - SUBJECT ADDED ENTRY--TOPICAL TERM | |
| Topical term or geographic name entry element | Critical Care. |
| 650 22 - SUBJECT ADDED ENTRY--TOPICAL TERM | |
| Topical term or geographic name entry element | Intensive Care Units. |
| 700 1# - ADDED ENTRY--PERSONAL NAME | |
| Personal name | Sutin, Kenneth M. |
| 856 41 - ELECTRONIC LOCATION AND ACCESS | |
| Materials specified | Table of contents only |
| Uniform Resource Identifier | <a href="http://www.loc.gov/catdir/toc/ecip0618/2006025971.html">http://www.loc.gov/catdir/toc/ecip0618/2006025971.html</a> |
| 856 42 - ELECTRONIC LOCATION AND ACCESS | |
| Materials specified | Publisher description |
| Uniform Resource Identifier | <a href="http://www.loc.gov/catdir/enhancements/fy0712/2006025971-d.html">http://www.loc.gov/catdir/enhancements/fy0712/2006025971-d.html</a> |
| 906 ## - LOCAL DATA ELEMENT F, LDF (RLIN) | |
| a | 7 |
| b | cbc |
| c | orignew |
| d | 1 |
| e | ecip |
| f | 20 |
| g | y-gencatlg |
| 942 ## - ADDED ENTRY ELEMENTS (KOHA) | |
| Source of classification or shelving scheme | Library of Congress Classification |
| Koha item type | Books |
| Withdrawn status | Lost status | Source of classification or shelving scheme | Damaged status | Not for loan | Home library | Current library | Shelving location | Date acquired | Total Checkouts | Full call number | Barcode | Date last seen | Price effective from | Koha item type |
|---|---|---|---|---|---|---|---|---|---|---|---|---|---|---|
| Library of Congress Classification | WISCONSIN INTERNATIONAL UNIVERSITY COLLEGE, GHANA KUMASI LIBRARY | WISCONSIN INTERNATIONAL UNIVERSITY COLLEGE, GHANA KUMASI LIBRARY | nursing | 08/08/2019 | RC86.7.M36(3e) | KSN/457/19 | 05/11/2021 | 05/11/2021 | Books |
